[Event "Hasselbacken Open 2016"]
[Site "Stockholm SWE"]
[Date "2016.05.03"]
[Round "4.35"]
[White "Pantzar, Milton"]
[Black "Lokander, Martin"]
[Result "0-1"]
[BlackTitle "FM"]
[WhiteElo "2174"]
[BlackElo "2348"]
[WhiteFideId "1721003"]
[BlackFideId "1709569"]
[EventDate "2016.04.30"]

1. d4 d5 2. c4 c6 3. Nc3 Nf6 4. e3 e6 5. Nf3 Nbd7 6. b3 Bb4 7. Bd2 Qe7 8. Be2 b6
9. O-O Bb7 10. Qc2 O-O 11. cxd5 exd5 12. Bc1 Rfe8 13. Bb2 Bd6 14. Rac1 Rac8 15.
Rfd1 Ne4 16. Nxe4 dxe4 17. Nd2 b5 18. a3 f5 19. b4 f4 20. Bg4 fxe3 21. fxe3 Rcd8
22. Rf1 Qh4 23. Bh3 Nf6 24. Qd1 Bc8 25. Qe1 Qh6 26. Rf2 Ng4 27. Re2 Nxh2 28. Nf1
Bxh3 29. Nxh2 Bxh2+ 30. Kxh2 Bg4+ 0-1

[Event "Hasselbacken Open 2016"]
[Site "Stockholm SWE"]
[Date "2016.05.03"]
[Round "4.36"]
[White "Bellon Lopez, Juan Manuel"]
[Black "Vistisen, Lars"]
[Result "1-0"]
[WhiteTitle "GM"]
[WhiteElo "2345"]
[BlackElo "2160"]
[WhiteFideId "2200031"]
[BlackFideId "1404598"]
[EventDate "2016.04.30"]

1. d4 Nf6 2. Nf3 c5 3. e3 e6 4. Bd3 b6 5. O-O Bb7 6. c4 d6 7. b3 Nbd7 8. Bb2 Be7
9. Nc3 O-O 10. d5 exd5 11. cxd5 Re8 12. e4 Bf8 13. Nd2 g6 14. f4 a6 15. a4 Bg7
16. Nc4 Qb8 17. Qf3 Nh5 18. g4 Bd4+ 19. Kh1 Ng7 20. Rae1 Rf8 21. Nd1 b5 22. Bxd4
cxd4 23. Na5 Nc5 24. b4 Nxa4 25. Qf2 Qa7 26. Bc2 Rac8 27. Bxa4 bxa4 28. Nb2 Rc3
29. Nxa4 Re3 30. Nc4 Rxe4 31. Rxe4 Bxd5 32. Nxd6 f5 33. Nc5 Qe7 34. Kg1 fxe4 35.
Ndxe4 d3 36. Re1 Bxe4 37. Rxe4 Qf7 38. Qd4 Re8 39. Qxd3 Rxe4 40. Qxe4 h6 41. Nd3
Ne6 42. h4 Qf6 43. Kg2 Kg7 44. Kg3 Nd8 45. g5 hxg5 46. hxg5 Qb6 47. Qe7+ Nf7 48.
Nc5 Qb8 49. Qf6+ 1-0

[Event "Hasselbacken Open 2016"]
[Site "Stockholm SWE"]
[Date "2016.05.03"]
[Round "4.37"]
[White "Backman, Michael"]
[Black "Berovski, Krum"]
[Result "0-1"]
[WhiteElo "2162"]
[BlackElo "2339"]
[WhiteFideId "1705377"]
[BlackFideId "2902931"]
[EventDate "2016.04.30"]

1. d4 Nf6 2. c4 e6 3. Nc3 Bb4 4. Qc2 O-O 5. Nf3 d5 6. cxd5 exd5 7. Bg5 c6 8. e3
h6 9. Bh4 g5 10. Bg3 Ne4 11. Bd3 f5 12. Ne5 Nd7 13. Bxe4 fxe4 14. f3 Nxe5 15.
Bxe5 Bf5 16. g4 Bh7 17. f4 gxf4 18. Bxf4 Qh4+ 19. Qf2 Qxf2+ 20. Kxf2 Bg6 21. Kg3
Kh7 22. a3 Be7 23. b4 b5 24. a4 Bxb4 25. Na2 Ba5 26. Rhc1 Rfc8 27. axb5 cxb5 28.
Rc5 Rxc5 29. dxc5 Be8 30. Be5 Rc8 31. Nc1 Be1+ 32. Kh3 a5 33. Nb3 Bb4 34. Nxa5
Bxc5 35. Nb7 Bxe3 36. Nd6 Rd8 37. Nf5 Bc5 38. Ra6 Bg6 39. Rc6 Bf8 40. Rc7+ Kg8
41. Rb7 Bxf5 42. gxf5 d4 43. Rxb5 d3 44. Bf4 d2 45. Bxd2 Rxd2 46. Re5 Rxh2+ 47.
Kg4 Re2 48. Re6 Bc5 0-1

[Event "Hasselbacken Open 2016"]
[Site "Stockholm SWE"]
[Date "2016.05.03"]
[Round "4.38"]
[White "Welling, Gerard"]
[Black "Fieandt, John"]
[Result "0-1"]
[WhiteTitle "IM"]
[WhiteElo "2336"]
[BlackElo "2152"]
[WhiteFideId "1000446"]
[BlackFideId "501093"]
[EventDate "2016.04.30"]

1. d4 Nf6 2. Nf3 g6 3. Nc3 Bg7 4. e4 d6 5. Be3 O-O 6. Qd2 c6 7. Bd3 Qc7 8. Bh6
e5 9. h3 b5 10. dxe5 dxe5 11. a4 b4 12. Ne2 c5 13. b3 Nc6 14. Ng3 Rd8 15. Bxg7
Kxg7 16. Qe3 Nd4 17. Nd2 Be6 18. O-O h6 19. Rac1 Rab8 20. Bc4 Ng8 21. Bxe6 Nxe6
22. Nc4 Rd7 23. Rcd1 Rbd8 24. Rxd7 Rxd7 25. Ne2 f6 26. h4 h5 27. Qh3 Nd4 28.
Nxd4 Rxd4 29. Qe6 Qd7 30. Qxd7+ Rxd7 31. Ne3 Ne7 32. Rd1 Rxd1+ 33. Nxd1 Nc6 34.
Kf1 Kf7 35. Ke2 Ke6 36. Kd3 Nd4 37. Kc4 Kd6 38. Ne3 a6 39. Nd5 f5 40. exf5 gxf5
41. Nf6 Nxc2 42. Nxh5 e4 0-1

[Event "Hasselbacken Open 2016"]
[Site "Stockholm SWE"]
[Date "2016.05.03"]
[Round "4.39"]
[White "Marttala, Thomas"]
[Black "Levushkina, Elena"]
[Result "0-1"]
[BlackTitle "WGM"]
[WhiteElo "2149"]
[BlackElo "2336"]
[WhiteFideId "1701118"]
[BlackFideId "14200686"]
[EventDate "2016.04.30"]

1. Nf3 d5 2. g3 Bg4 3. Ne5 Bf5 4. d4 Nd7 5. Nf3 e6 6. Bg2 Ngf6 7. O-O Be7 8.
Nbd2 h6 9. b3 O-O 10. Bb2 Ne4 11. c4 c6 12. Rc1 Bf6 13. Nxe4 Bxe4 14. Nd2 Bxg2
15. Kxg2 Qb6 16. Nf3 dxc4 17. Rxc4 Rfd8 18. Qa1 Qb5 19. Re1 a5 20. Bc3 Be7 21.
Qb2 a4 22. d5 cxd5 23. Rg4 f6 24. Nd4 Qb6 25. Qd2 Ne5 26. Rh4 Kf7 27. bxa4 Ng6
28. Rg4 h5 29. a5 Qa6 30. Rxg6 Kxg6 31. f4 Kf7 32. Rb1 Rd6 33. Qe3 Re8 34. Bb4
Rd7 35. f5 exf5 36. Qf3 g6 0-1

[Event "Hasselbacken Open 2016"]
[Site "Stockholm SWE"]
[Date "2016.05.03"]
[Round "4.40"]
[White "Ornstein, Axel"]
[Black "Palmblad, Jan Peter"]
[Result "1-0"]
[WhiteTitle "IM"]
[WhiteElo "2325"]
[BlackElo "2141"]
[WhiteFideId "1700111"]
[BlackFideId "1705512"]
[EventDate "2016.04.30"]

1. d4 d5 2. Bf4 Nf6 3. e3 c5 4. c3 Nc6 5. Nf3 cxd4 6. cxd4 Qb6 7. Qb3 Qxb3 8.
axb3 Nh5 9. Be5 f6 10. Bc7 g5 11. Nc3 e6 12. g4 Kd7 13. Bb6 Ng7 14. h4 gxh4 15.
Rxh4 Ne8 16. g5 fxg5 17. Nxg5 Be7 18. Rxh7 Rxh7 19. Nxh7 Ng7 20. Bh3 Ke8 21. Bc5
b6 22. Bxe7 Kxe7 23. Kd2 Kf7 24. Rg1 e5 25. Bg2 Be6 26. Ng5+ Kf6 27. Nxe6 Nxe6
28. Bxd5 exd4 29. Ne4+ Ke5 30. Bxc6 dxe3+ 31. Kxe3 Rf8 32. Bd7 Rd8 33. f4+ Nxf4
34. Rg5# 1-0

[Event "Hasselbacken Open 2016"]
[Site "Stockholm SWE"]
[Date "2016.05.03"]
[Round "4.41"]
[White "Ozen, Deniz"]
[Black "Koepke, Christian"]
[Result "0-1"]
[WhiteTitle "FM"]
[BlackTitle "IM"]
[WhiteElo "2139"]
[BlackElo "2313"]
[WhiteFideId "6349196"]
[BlackFideId "4655737"]
[EventDate "2016.04.30"]

1. e4 c5 2. Nf3 g6 3. c3 d5 4. exd5 Qxd5 5. d4 Bg7 6. Be3 cxd4 7. cxd4 Nf6 8.
Nc3 Qd8 9. Bc4 O-O 10. O-O Nc6 11. h3 Na5 12. Be2 Be6 13. Qd2 Bc4 14. Rfe1 Bxe2
15. Qxe2 Rc8 16. Bg5 Re8 17. Rad1 Nd5 18. Nxd5 Qxd5 19. Qe4 Qxe4 20. Rxe4 f6 21.
Bd2 Nc4 22. Bc3 Kf7 23. Re2 Nb6 24. d5 Red8 25. Red2 Rc5 26. d6 e5 27. Bb4 Rc6
28. d7 Bh6 29. Re2 Rxd7 30. Rxd7+ Nxd7 31. Bc3 Rd6 32. Re1 Nb6 33. g4 Nd5 34. g5
Nxc3 35. bxc3 fxg5 36. Nxe5+ Kf8 37. Kg2 Bg7 38. c4 b6 39. Nf3 h6 40. Re2 Rd3
41. Re6 Ra3 42. Rxg6 Rxa2 43. Rc6 Ra5 44. Rc7 Bf6 45. Nd2 Ra2 46. Ne4 Be7 47.
Kf3 Ke8 48. Rc6 Rc2 49. Rxh6 Rxc4 50. Re6 Kd7 51. Re5 a5 52. Ke3 a4 53. Kd3 Rc1
54. Rb5 Kc6 55. Rb2 Rh1 56. Rc2+ Kb7 57. Nc3 Rxh3+ 58. Kc4 Rh4+ 59. Kd5 a3 60.
Nb5 Bc5 61. Ra2 Rf4 62. Ra1 Rxf2 63. Rh1 Rd2+ 64. Kc4 Rd7 0-1

[Event "Hasselbacken Open 2016"]
[Site "Stockholm SWE"]
[Date "2016.05.03"]
[Round "4.42"]
[White "Tolonen, Mikko"]
[Black "Rydstrom, Tom"]
[Result "0-1"]
[BlackTitle "FM"]
[WhiteElo "2131"]
[BlackElo "2302"]
[WhiteFideId "502677"]
[BlackFideId "1714830"]
[EventDate "2016.04.30"]

1. e4 c5 2. c3 Nf6 3. e5 Nd5 4. d4 cxd4 5. Nf3 Nc6 6. Bc4 Nb6 7. Bb3 d5 8. exd6
Qxd6 9. O-O Bf5 10. cxd4 Rd8 11. Nc3 e6 12. Be3 Be7 13. a3 O-O 14. Qe2 Bf6 15.
Rfd1 Ne7 16. Bg5 Bxg5 17. Nxg5 Qf4 18. Qe3 Qb8 19. h3 Nbd5 20. Qf3 Bg6 21. g3
Qc7 22. Nge4 Qc6 23. Nxd5 Nxd5 24. Nc3 Nxc3 25. Qxc3 Qe4 26. Qe3 Qf5 27. Kh2 Rd7
28. Rd2 Rfd8 29. Rad1 Qh5 30. g4 Qb5 31. d5 exd5 32. Bxd5 h5 33. Bf3 Rxd2 34.
Rxd2 Re8 35. Qxa7 hxg4 36. hxg4 Qg5 37. Rd1 Qf4+ 38. Kg2 Be4 39. Bxe4 Qxg4+ 40.
Kh2 Qxd1 41. Qxb7 Qe2 0-1

[Event "Hasselbacken Open 2016"]
[Site "Stockholm SWE"]
[Date "2016.05.03"]
[Round "4.43"]
[White "Bergstrom, Rolf"]
[Black "Nieminen, Kari"]
[Result "1/2-1/2"]
[WhiteTitle "FM"]
[WhiteElo "2298"]
[BlackElo "2127"]
[WhiteFideId "1702386"]
[BlackFideId "500739"]
[EventDate "2016.04.30"]

1. e4 c5 2. Nf3 e6 3. c3 d5 4. e5 d4 5. g3 Ne7 6. Bg2 Nec6 7. O-O g5 8. h3 h6 9.
d3 Nd7 10. cxd4 cxd4 11. Qe2 Bg7 12. Na3 O-O 13. Nc4 Qc7 14. Re1 Rb8 15. a4 b5
16. axb5 Rxb5 17. Nd6 Rd5 18. Nc4 Rb5 19. b3 Ndxe5 20. Ba3 Rd8 21. Rac1 Nxf3+
22. Qxf3 Nb4 23. Ne5 Qb7 24. Qxb7 Bxb7 25. Nxf7 Rd7 26. Bxb7 Rbxb7 27. Ne5 Bxe5
28. Rxe5 Kf7 29. Rc8 Kf6 30. Re4 Nxd3 31. Rf8+ Rf7 32. Rxf7+ Kxf7 33. Rxd4 Rxb3
34. Rd7+ Kg6 35. Rxa7 1/2-1/2

[Event "Hasselbacken Open 2016"]
[Site "Stockholm SWE"]
[Date "2016.05.03"]
[Round "4.44"]
[White "Eriksson, Jon"]
[Black "Ziegler, Ari"]
[Result "0-1"]
[BlackTitle "IM"]
[WhiteElo "2130"]
[BlackElo "2296"]
[WhiteFideId "503894"]
[BlackFideId "1700987"]
[EventDate "2016.04.30"]

1. Nf3 Nf6 2. c4 g6 3. Nc3 Bg7 4. e4 d6 5. d4 O-O 6. Be2 e5 7. O-O Bg4 8. d5 a5
9. Ne1 Bxe2 10. Qxe2 Na6 11. Nd3 Nb4 12. Ne1 Nd7 13. Be3 f5 14. f3 Nf6 15. a3
Na6 16. Nd3 fxe4 17. Nxe4 Nxe4 18. fxe4 a4 19. Rxf8+ Qxf8 20. Rf1 Qe8 21. Nf2 b6
22. Nd1 Nc5 23. Nc3 Qe7 24. Bxc5 bxc5 25. Qg4 Bh6 26. Rf3 Bd2 27. Nb5 Ba5 28.
Kf1 Kg7 29. Qe6 Qxe6 30. dxe6 Rf8 31. Rxf8 Kxf8 32. Ke2 Ke7 33. Kd3 Kxe6 34. Nc3
Bxc3 35. Kxc3 c6 36. b3 d5 37. cxd5+ cxd5 38. exd5+ Kxd5 39. bxa4 e4 40. a5 Kc6 0-1

[Event "Hasselbacken Open 2016"]
[Site "Stockholm SWE"]
[Date "2016.05.03"]
[Round "4.45"]
[White "Grandell, Anders"]
[Black "Kucuksari, Kaan"]
[Result "1-0"]
[WhiteTitle "FM"]
[WhiteElo "2290"]
[BlackElo "2125"]
[WhiteFideId "1709771"]
[BlackFideId "6380166"]
[EventDate "2016.04.30"]

1. d4 d5 2. c4 c6 3. Nc3 Nf6 4. Nf3 e6 5. e3 Nbd7 6. Be2 Bd6 7. O-O O-O 8. b3
Qe7 9. Bb2 Rd8 10. Qc2 dxc4 11. Bxc4 b5 12. Bd3 Bb7 13. Ne4 Nxe4 14. Bxe4 Nf6
15. Nd2 Rac8 16. Rad1 c5 17. Bxb7 Qxb7 18. dxc5 Rxc5 19. Qb1 e5 20. Ba3 Rcc8 21.
Bxd6 Rxd6 22. Nf3 Re6 23. Qf5 Qe4 24. Qh3 h6 25. Rd2 Kf8 26. Rfd1 Ke7 27. Nh4 g6
28. Nf3 Rcc6 29. Qxh6 Red6 30. Rxd6 Rxd6 31. Rf1 Qf5 32. Qh4 Qg4 33. Qh6 Qe4 34.
Qg7 Qd5 35. h3 Rc6 36. Qh8 a6 37. a4 b4 38. Qb8 Qd6 39. Nxe5 Rc7 40. Nc4 Qc5 41.
a5 Nd7 42. Qh8 Qd5 43. Qh4+ g5 44. Qg3 Rc6 45. e4 Qxe4 46. Qxg5+ Kf8 47. Qd8+
Qe8 48. Qh4 Rg6 49. Rd1 Kg7 50. Qd4+ Nf6 51. Ne5 Rg5 52. Ng4 Rg6 53. Nxf6 Rxf6
54. Qxb4 Qc6 55. Qd4 Kg8 56. Qd5 Qc7 57. Qg5+ 1-0

[Event "Hasselbacken Open 2016"]
[Site "Stockholm SWE"]
[Date "2016.05.03"]
[Round "4.46"]
[White "Bit-Narva, David"]
[Black "Backlund, Anders"]
[Result "0-1"]
[WhiteElo "2127"]
[BlackElo "2287"]
[WhiteFideId "24128856"]
[BlackFideId "1702718"]
[EventDate "2016.04.30"]

1. e4 e6 2. d4 d5 3. Nc3 Bb4 4. Bd2 Ne7 5. a3 Ba5 6. exd5 exd5 7. Bd3 Nbc6 8.
Nce2 Bb6 9. c3 Bf5 10. Nf4 O-O 11. Nf3 Qd7 12. Qc2 Bxd3 13. Qxd3 Ng6 14. Nxg6
hxg6 15. O-O Rfe8 16. Ng5 f6 17. Nf3 Re4 18. Be3 Qf5 19. a4 a6 20. Nd2 Re7 21.
Qxf5 gxf5 22. h4 Kf7 23. b4 Rh8 24. g3 Nd8 25. c4 f4 26. Bxf4 Bxd4 27. Rac1 Ne6
28. Nf3 Nxf4 29. gxf4 Bb6 30. a5 Ba7 31. cxd5 Rd8 32. Rfd1 Red7 33. Rd2 Bb8 34.
Rcd1 c6 35. dxc6 Rxd2 36. Rxd2 Rxd2 37. Nxd2 bxc6 38. Ne4 Ke6 39. Nc5+ Kd5 40.
f5 Bd6 41. Nxa6 Kc4 0-1

[Event "Hasselbacken Open 2016"]
[Site "Stockholm SWE"]
[Date "2016.05.03"]
[Round "4.47"]
[White "Efroimski, Marsel"]
[Black "Zemlickova, Olena"]
[Result "1/2-1/2"]
[WhiteTitle "WIM"]
[BlackTitle "WIM"]
[WhiteElo "2278"]
[BlackElo "2113"]
[WhiteFideId "2810964"]
[BlackFideId "14105560"]
[EventDate "2016.04.30"]

1. e4 e5 2. Nf3 Nc6 3. Nc3 Nf6 4. Bb5 Bb4 5. O-O O-O 6. d3 d6 7. Bg5 Bxc3 8.
bxc3 Qe7 9. Re1 Nd8 10. d4 Ne6 11. Bd2 Rd8 12. Nh4 c6 13. Nf5 Qc7 14. Bd3 g6 15.
Ng3 Kg7 16. Qf3 Ng8 17. Nf1 Qe7 18. Qg3 Qc7 19. h3 Re8 20. Nh2 Nf6 21. Qh4 Ng8
22. Ng4 f6 23. Qg3 Nf8 24. f4 Bxg4 25. Qxg4 Nh6 26. Qh4 Ng8 27. Rf1 Qe7 28. Rab1
Rab8 29. Qg3 Nd7 30. Rf2 b6 31. Rbf1 Rf8 32. Qh4 Rbe8 33. Bc4 exd4 34. Re1 f5
35. Qxe7+ Rxe7 36. exf5 Rxe1+ 37. Bxe1 Re8 38. Re2 Rxe2 39. Bxe2 gxf5 40. cxd4
Ndf6 41. Bd3 Ne7 42. Kf2 Ne4+ 43. Kf3 d5 44. g4 Kg6 45. c4 h5 46. cxd5 cxd5 47.
g5 Kf7 48. Ke3 Nd6 49. Bb4 Ke6 50. Be2 h4 51. Be1 Nc4+ 52. Kf3 Ng6 53. Bd3 b5
54. Bb4 a6 55. Be1 Nb2 56. Be2 Nc4 57. Bd3 Nb2 58. Bf1 Nc4 59. Be2 Kd7 60. Bb4
Ke6 61. Bd1 Kd7 62. Be1 Ke6 63. Bf2 Nd2+ 64. Ke3 Nc4+ 65. Kf3 Nd2+ 66. Ke3 1/2-1/2

[Event "Hasselbacken Open 2016"]
[Site "Stockholm SWE"]
[Date "2016.05.03"]
[Round "4.48"]
[White "Ask, Josef"]
[Black "Nygren, Kim"]
[Result "1-0"]
[WhiteElo "2118"]
[BlackElo "2267"]
[WhiteFideId "1704583"]
[BlackFideId "1706136"]
[EventDate "2016.04.30"]

1. e4 d5 2. exd5 Nf6 3. d4 Bg4 4. f3 Bf5 5. c4 e6 6. Nc3 exd5 7. g4 Be6 8. g5
Nh5 9. f4 g6 10. cxd5 Bf5 11. Qe2+ Be7 12. Qb5+ Nd7 13. Qxb7 O-O 14. Bg2 Bd6 15.
Nge2 Bd3 16. Qb3 f6 17. O-O fxg5 18. fxg5 Rxf1+ 19. Bxf1 Qe7 20. Bh3 Rf8 21.
Be6+ Kh8 22. Qd1 Rf3 23. Bg4 Ne5 24. Bxf3 Nxf3+ 25. Kf2 Qf7 26. Nf4 Nxh2 27.
Qxd3 Bxf4 28. Ke1 Ng4 29. Qf3 Qe7+ 30. Kd1 Qxg5 31. Ne2 Nh2 32. Qf2 Ng4 33. Qf3
Nh2 34. Bxf4 Nxf3 35. Bxg5 Nxg5 36. Rc1 Nf6 37. Nf4 Ne8 38. d6 Nxd6 39. Rxc7
Nge4 40. Rxa7 Nb5 41. Rd7 1-0

[Event "Hasselbacken Open 2016"]
[Site "Stockholm SWE"]
[Date "2016.05.03"]
[Round "4.49"]
[White "Braathen, Tom"]
[Black "Hess, Christian1"]
[Result "0-1"]
[BlackTitle "FM"]
[WhiteElo "2078"]
[BlackElo "2241"]
[WhiteFideId "1702017"]
[BlackFideId "4605969"]
[EventDate "2016.04.30"]

1. e4 c6 2. d4 d5 3. Nc3 dxe4 4. Nxe4 Bf5 5. Ng3 Bg6 6. h4 h6 7. Nf3 Nd7 8. h5
Bh7 9. Bd3 Bxd3 10. Qxd3 e6 11. Bf4 Qa5+ 12. Bd2 Bb4 13. c3 Be7 14. Ne4 Ngf6 15.
c4 Qc7 16. O-O-O O-O 17. Kb1 Rfd8 18. Qe2 Nxe4 19. Qxe4 Nf6 20. Qe2 b5 21. c5
Qd7 22. Ne5 Qd5 23. f3 Nd7 24. Ng4 Nf6 25. Ne5 Rac8 26. g4 Nd7 27. Nd3 Qxd4 28.
Ba5 Nxc5 29. Bxd8 Bxd8 30. Nxc5 Qxc5 31. Qe4 Bf6 32. Rd2 Qb6 33. Rhd1 c5 34. Rd7
c4 35. Qb7 Qxb7 36. Rxb7 a6 37. Rdd7 Rc5 38. Rdc7 Re5 39. Rc8+ Kh7 40. Rbb8 g6
41. Rb7 gxh5 42. Rxf7+ Kg6 43. Rd7 hxg4 44. fxg4 Re1+ 45. Kc2 Kg5 46. Rg8+ Kf4
47. Rd2 Bg5 48. Rd4+ Kg3 49. Rd1 Re2+ 50. Kb1 Kxg4 51. a4 Re5 52. Rd6 b4 53.
Rd4+ Kf3 54. Rxc4 Re1+ 55. Ka2 a5 56. Rc5 Re3 57. Rb8 e5 58. Rxa5 Re4 59. Rab5
h5 60. Rxb4 Rxb4 61. Rxb4 h4 62. Rb7 h3 63. Rh7 Kg3 64. a5 h2 65. a6 Bh4 66.
Rg7+ Kh3 0-1

[Event "Hasselbacken Open 2016"]
[Site "Stockholm SWE"]
[Date "2016.05.03"]
[Round "4.50"]
[White "Wikner, Arvid"]
[Black "Carlsten, Peter"]
[Result "1/2-1/2"]
[WhiteElo "2241"]
[BlackElo "2064"]
[WhiteFideId "1702262"]
[BlackFideId "1705067"]
[EventDate "2016.04.30"]

1. e4 d6 2. d4 Nf6 3. Bd3 e5 4. c3 c6 5. Nf3 Qc7 6. O-O Be7 7. Re1 O-O 8. a4 a5
9. Nbd2 Re8 10. Nf1 Nbd7 11. Ng3 Nf8 12. h3 Ng6 13. Nf5 Bf8 14. Bg5 Nd7 15. h4
h6 16. h5 Ne7 17. Bxe7 Bxe7 18. Qb3 Nf6 19. Bc4 Bf8 20. Ng3 Be6 21. Bxe6 Rxe6
22. Rad1 Ree8 23. Nh4 d5 24. exd5 cxd5 25. dxe5 Rxe5 26. Rxe5 Qxe5 27. Qb6 Qb8
28. Nhf5 Ra6 29. Qe3 Re6 30. Qf3 Bc5 31. Nf1 b5 32. b4 axb4 33. cxb4 Bxb4 34.
axb5 Bc5 35. N1e3 Bxe3 36. Nxe3 Qxb5 37. Nxd5 Nxd5 1/2-1/2

[Event "Hasselbacken Open 2016"]
[Site "Stockholm SWE"]
[Date "2016.05.03"]
[Round "4.51"]
[White "Svensson, Leif 1940"]
[Black "Dubrovin, Robert"]
[Result "0-1"]
[WhiteElo "2078"]
[BlackElo "2239"]
[WhiteFideId "1702459"]
[BlackFideId "4501829"]
[EventDate "2016.04.30"]

1. d4 e6 2. e4 d5 3. Nc3 Bb4 4. Ne2 Nf6 5. e5 Nfd7 6. a3 Be7 7. b4 a5 8. b5 c5
9. bxc6 bxc6 10. Qd3 c5 11. Qg3 g6 12. h4 Nc6 13. h5 cxd4 14. hxg6 fxg6 15. Nb5
Ndxe5 16. f4 Nf7 17. Nexd4 Nxd4 18. Nxd4 Bf6 19. Be3 Nd6 20. Bd3 Qc7 21. O-O Qg7
22. c3 O-O 23. Rab1 Nf5 24. Nxf5 gxf5 25. Qxg7+ Kxg7 26. Bd4 Ba6 27. Bxa6 Rxa6
28. Rb7+ Rf7 29. Rfb1 Rc6 30. Rxf7+ Kxf7 31. Rb7+ Kg6 32. Be5 Bxe5 33. fxe5 f4 0-1

[Event "Hasselbacken Open 2016"]
[Site "Stockholm SWE"]
[Date "2016.05.03"]
[Round "4.53"]
[White "Svensson, Hakan"]
[Black "Jacobs, Florian"]
[Result "0-1"]
[WhiteElo "2051"]
[BlackElo "2229"]
[WhiteFideId "1714201"]
[BlackFideId "1018329"]
[EventDate "2016.04.30"]

1. d4 Nf6 2. Bg5 Ne4 3. Bf4 c5 4. f3 Qa5+ 5. c3 Nf6 6. d5 Qb6 7. Bc1 e6 8. e4
exd5 9. exd5 d6 10. c4 Bf5 11. Nc3 Be7 12. Bd3 Bxd3 13. Qxd3 Nbd7 14. f4 O-O 15.
Nh3 Ne8 16. Rb1 Bh4+ 17. g3 Bf6 18. O-O Qa6 19. a3 Bxc3 20. Qxc3 b5 21. b3 bxc4
22. Bb2 cxb3 23. Rfe1 Nef6 24. g4 Nb6 25. g5 Na4 26. Qf3 Nd7 27. Re7 Nxb2 28.
Rxd7 Nc4 29. Qxb3 Nd2 30. Qb5 Qxa3 31. Nf2 Nxb1 32. Qxb1 Rab8 33. Qf5 Qc1+ 34.
Kg2 Rb1 35. Re7 Qf1+ 36. Kf3 Rb2 0-1

[Event "Hasselbacken Open 2016"]
[Site "Stockholm SWE"]
[Date "2016.05.03"]
[Round "4.54"]
[White "Rahul Kumar, Pune"]
[Black "Fors, Tomas"]
[Result "0-1"]
[WhiteElo "2225"]
[BlackElo "2063"]
[WhiteFideId "5010969"]
[BlackFideId "1705768"]
[EventDate "2016.04.30"]

1. g3 Nf6 2. Bg2 c5 3. d3 d5 4. Nd2 Nc6 5. e3 e5 6. Ne2 Be6 7. b3 Qd7 8. h3 Bd6
9. Bb2 d4 10. e4 g5 11. Nc4 Bc7 12. Bc1 Rg8 13. Bd2 h5 14. Qc1 Nh7 15. a3 h4 16.
Nb2 f6 17. Qd1 Nf8 18. Ng1 Ng6 19. Bf3 hxg3 20. fxg3 O-O-O 21. Qe2 Rh8 22. O-O-O
g4 23. Bg2 gxh3 24. Bf3 Rdg8 25. Rf1 Nf8 26. Qf2 Qg7 27. Ne2 Bd8 28. Nc4 Be7 29.
Rfg1 Nh7 30. g4 Ng5 31. Ng3 Nxf3 32. Qxf3 Qxg4 33. Qf2 Qh4 34. Be1 Qf4+ 35. Nd2
c4 36. dxc4 Bxa3+ 37. Kb1 Bb4 38. Qh2 Bxd2 39. Bxd2 Qf3 40. Kb2 a5 41. Be1 Nb4
42. Qd2 Qe3 43. Qxe3 dxe3 44. Rf1 Bg4 45. Rxf6 Rf8 46. Rxf8+ Rxf8 47. Nf5 e2 48.
Ne3 Rf4 49. Bd2 Be6 50. Rh2 Rxe4 51. Rxe2 Rh4 52. Rh2 Nc6 53. c3 e4 54. Nc2 Ne5
55. Nd4 Bd7 56. Rh1 h2 57. Be1 Rh3 58. Kc2 a4 59. Bd2 Nd3 60. Be3 Rxe3 61. Rxh2
a3 62. Rh8+ Kc7 63. Ra8 Rh3 64. b4 Rh2+ 65. Kb1 a2+ 66. Rxa2 Rxa2 67. Kxa2 e3
68. Kb3 Bg4 69. Ka4 e2 70. Nxe2 Bxe2 71. c5 Nxc5+ 72. bxc5 Kc6 73. Kb4 Bf1 0-1

[Event "Hasselbacken Open 2016"]
[Site "Stockholm SWE"]
[Date "2016.05.03"]
[Round "4.55"]
[White "Alquist, Erik"]
[Black "Henderson de La Fuente, Lance"]
[Result "1/2-1/2"]
[WhiteElo "2046"]
[BlackElo "2224"]
[WhiteFideId "1707701"]
[BlackFideId "32096585"]
[EventDate "2016.04.30"]

1. e4 c5 2. Nf3 Nc6 3. d4 cxd4 4. Nxd4 Nf6 5. Nc3 e5 6. Ndb5 d6 7. Bg5 a6 8. Na3
b5 9. Nd5 Be7 10. Bxf6 Bxf6 11. c4 b4 12. Nc2 a5 13. g3 O-O 14. h4 Be6 15. Bg2
g6 16. Qd3 Bg7 17. h5 a4 18. Nce3 Rc8 19. Bh3 Qa5 20. Kf1 Qc5 21. Rd1 Rfe8 22.
Kg2 Nd4 23. b3 Ra8 24. hxg6 hxg6 25. Rd2 Ra7 26. Rb2 axb3 27. axb3 Rea8 28. Qd2
Nc6 29. Qe2 Nd4 30. Qd2 Rb8 31. Nc2 Bxd5 32. cxd5 Rc7 33. Nxd4 exd4 34. Qd3 Qc3
35. Rd2 Ra8 36. Rhd1 Qxd3 37. Rxd3 Ra3 38. Rxd4 Bxd4 39. Rxd4 Rxb3 40. e5 Rb7
41. exd6 f5 42. g4 Rd7 43. gxf5 gxf5 44. Bxf5 Rxd6 45. f3 Kf7 46. Kg3 Rb2 47.
Kf4 Kf6 48. Be4 Rb6 49. d6 Rb8 50. Bf5 Rh2 51. d7 Rhh8 52. Rd2 b3 53. Rb2 Rb4+
54. Be4 Rd8 55. Ke3 Rxd7 56. Bc6 Rc7 57. Be4 Ke5 58. Kd3 Rd4+ 59. Ke2 Rc3 60.
Rb1 Kf4 61. Rb2 Re3+ 62. Kf2 Ra4 63. Bd5 Rxf3+ 64. Bxf3 Ra2 65. Re2 Rc2 66. Bd5
b2 67. Ba2 b1=Q 68. Bxb1 Rxe2+ 69. Kxe2 1/2-1/2

[Event "Hasselbacken Open 2016"]
[Site "Stockholm SWE"]
[Date "2016.05.03"]
[Round "4.56"]
[White "Wahlbom, Magnus"]
[Black "Thiborg, Jesper"]
[Result "1-0"]
[WhiteElo "2223"]
[BlackElo "2052"]
[WhiteFideId "1700685"]
[BlackFideId "1711954"]
[EventDate "2016.04.30"]

1. e4 c6 2. d4 d5 3. e5 Bf5 4. Nf3 e6 5. Be2 Be7 6. O-O Nd7 7. Re1 g5 8. c4 dxc4
9. Bxc4 Nb6 10. Bd3 g4 11. Bxf5 exf5 12. Nfd2 Qxd4 13. Qc2 Qd7 14. Nf1 O-O-O 15.
Ng3 Bb4 16. Nc3 Ne7 17. Bg5 Nbd5 18. Nxd5 Nxd5 19. Red1 Rde8 20. Bf6 Rhg8 21.
Nxf5 Kb8 22. Bh4 h5 23. Qe4 Bc5 24. b4 Bb6 25. b5 Qe6 26. Rac1 g3 27. Bxg3 Rg4
28. Qf3 Reg8 29. bxc6 bxc6 30. h3 R4g5 31. Nd4 Rxg3 32. fxg3 Qxe5 33. Qf2 Qxg3
34. Qxg3+ Rxg3 35. Kh2 Bc7 36. Nxc6+ Ka8 37. Kh1 Ne3 38. Rd7 Bb6 39. Rb1 1-0

[Event "Hasselbacken Open 2016"]
[Site "Stockholm SWE"]
[Date "2016.05.03"]
[Round "4.57"]
[White "Saren, Bjorn"]
[Black "Lorscheid, Gerhard"]
[Result "0-1"]
[BlackTitle "FM"]
[WhiteElo "2032"]
[BlackElo "2214"]
[WhiteFideId "1712071"]
[BlackFideId "4606000"]
[EventDate "2016.04.30"]

1. e4 d6 2. d4 Nf6 3. Nc3 g6 4. f4 Bg7 5. Nf3 O-O 6. Bd3 Na6 7. O-O c5 8. d5 Rb8
9. Qe2 Nc7 10. a4 a6 11. Bd2 b5 12. axb5 axb5 13. Nxb5 c4 14. Bxc4 Nxb5 15. e5
Ne8 16. Ba5 Qd7 17. Kh1 Qb7 18. Bd8 Bg4 19. Bxb5 Rxd8 20. c4 Qb8 21. Bc6 Nc7 22.
h3 Bxf3 23. Rxf3 e6 24. Rd3 Qb6 25. Qc2 exd5 26. cxd5 dxe5 27. d6 Ne6 28. Rc1
Nd4 29. Qf2 Rxd6 30. Ba4 e4 0-1